000 00777nam a22001817a 4500
003 UA-OsUOA
001 19958
007 ta
008 20041007b un ||||| |||| 00| 0 ukr d
100 _aПрищепа О.
942 _cSA
040 _aUA-OsUOA
_cUA-OsUOA
_dUA-OsUOA
245 _aРівненська святиня
_b[Про іст. памятник із скульптур. зображеннням Божої Матері, який був збудований в 30-х рр. XX cт. в Рівному і безслідно зник в 1952 р.]
_cО. Прищепа; Я. Бондарчук
300 _aС.39
955 _a0
773 0 _w0
_tВолання з Волині
_dОстріг
_d2004
_g№4/Лип.-серп./
650 7 _aКраєзнавча робота
_2UDC
999 _c306131
_d306131